000 02503cam a22004937a 4500
003 CHAP
005 20220329141008.0
008 971013d1995 mx rs o00110 spa d
010 _a61049
011 _a62021
035 _a66194
040 _cCHAP
082 0 4 _a362.28
_bI5
110 2 _aInstituto Nacional de Estadística, Geografía e Informática. México
_959304
245 1 0 _aEstadísticas de intentos de suicidio y suicidios
_c/por Instituto Nacional de Estadística, Geografía e Informática
260 _aAguascalientes, Ags. :
_bInstituto Nacional de Estadística, Geografía e Informática,
_c1995-
300 _av.
410 2 1 _aINEGI
490 0 _aCuaderno
500 _aA partir del 2002, con serie Boletín de Estadísticas Continuas, Demográficas y Sociales.
500 _aLa biblioteca tiene :1994, 1995, 1996, 1998, 1999, 2001, 2002, 2003, 2004, 2005
590 _aBATCH-UPD
_b10
_c20130110
_lUCH01
_h0735
590 _aCONVERSION
_b10
_c20130109
_lUCH01
_h1333
650 1 4 _aSuicidio.
_9110603
810 0 0 _aINEGI
_958045
830 0 0 _aCuaderno
_929704
901 _aBK
942 _cLIBRO
949 _a362.28 I5
_bBC
_cINEGI
_d33724000592440
_eINEGI
_f1995
_h92947
_i66194
_sb
949 _a362.28 I5
_bBC
_cINEGI
_d33724000601886
_eINEGI
_f1994
_h91208
_i66194
_sb
949 _a362.28 I5
_bBC
_cINEGI
_d33724000721957
_eINEGI
_f1996
_h95085
_i66194
_kDonaciØn
_sb
949 _a362.28 I5
_bBC
_cINEGI
_d33724000814364
_eINEGI
_f1999 c.2
_h99644
_i66194
_kDonaciØn
_si
949 _a362.28 I5
_bBC
_cINEGI
_d33724000815460
_eINEGI
_f1999
_h99573
_i66194
_kDonaciØn
_si
949 _a362.28 I5
_bBC
_cINEGI
_d33724000815528
_eINEGI
_f1998
_h99574
_i66194
_kDonaciØn
_si
949 _a362.28 I5
_bBC
_cINEGI
_d33724000871257
_eINEGI
_f2001
_gDonaciØn
_h102903
_i66194
_sb
949 _a362.28 I5
_bBC
_cINEGI
_d33724000871430
_eINEGI
_f2003 c.2
_gDonaciØn
_h104178
_i66194
_sb
949 _a362.28 I5
_bBC
_cINEGI
_d33724000886719
_eINEGI
_f2002
_h103479
_i66194
_sb
949 _a362.28 I5
_bBC
_cINEGI
_d33724000886727
_eINEGI
_f2002 c.2
_h103480
_i66194
_sb
949 _a362.28 I5
_bBC
_cINEGI
_d33724000888020
_eINEGI
_f2002 c.3
_h103512
_i66194
_sb
949 _a362.28 I5
_bBC
_cINEGI
_d33724000923025
_eINEGI
_f2003
_gDonaciØn
_h104423
_i66194
_sb
949 _a362.28 I5
_bBC
_cINEGI
_d33724000949533
_eINEGI
_f2004 c.2
_gDonaciØn
_h105597
_i66194
_sb
949 _a362.28 I5
_bBC
_cINEGI
_d33724000952974
_eINEGI
_f2004
_gDonaciØn
_h105140
_i66194
_sb
949 _a362.28 I5
_bBC
_cINEGI
_d33724000998894
_eINEGI
_f2005
_gDonaciØn
_h107957
_i66194
_sb
999 _c61049
_d61049